000 01530cam a2200133 4500500
005 20260329023140.0
041 _afre
042 _adc
100 1 0 _aDuléry, Fabrice
_eauthor
245 0 0 _aIntroduction à la civilisation de la Chine contemporaine
260 _bArmand Colin,
_c2015.
520 _aCet ouvrage consiste en une présentation actualisée de l’ensemble des problématiques relatives à la société chinoise contemporaine. Les mutations accélérées qui ont permis à la Chine de sortir du sous-développement et de devenir une grande puissance économique et politique sont ici rappelées, dans la perspective de la longue durée. La prise en compte de la dimension historique est incontournable pour qui veut appréhender la complexité du monde chinois contemporain. L’accent est mis sur les bouleversements et les tensions générées par l’entrée de la Chine dans la globalisation : évolutions du régime face à l’émergence de la société civile, rôle croissant d’internet, urbanisation et problèmes environnementaux, inégalités et montée en puissance de nouveaux groupes sociaux, nouveaux modes de vie, survivance des modèles traditionnels face à l’irruption de la modernité, place de la Chine en Asie et dans le monde ou encore évolution des flux migratoires. Une chronologie, une carte et des graphiques complètent cet ouvrage.
856 4 1 _uhttps://shs.cairn.info/introduction-a-la-civilisation-de-la-chine-contemp--9782200291488?lang=fr&redirect-ssocas=7080
999 _c1925087
_d1925087